Mestská tržnica - Trenčín
Uložené v:
| Hlavný autor: | |
|---|---|
| Ďalší autori: | |
| Médium: | Rukopis Kniha |
| Jazyk: | Slovak |
| Vydavateľské údaje: |
Bratislava
2017
|
| Predmet: | |
| On-line prístup: | http://is.stuba.sk/zp/portal_zp.pl?podrobnosti=128304 |
| Tagy: |
Žiadne tagy, Buďte prvý, kto otaguje tento záznam!
|
MARC
| LEADER | 00000ntm a22000003a 4500 | ||
|---|---|---|---|
| 001 | stuzp63761 | ||
| 003 | SK-STU | ||
| 005 | 20210212133009.5 | ||
| 007 | ta | ||
| 008 | 150427s2015----xo-----f-mn---000-0-slo-d | ||
| 040 | |a STU |b slo | ||
| 041 | 0 | |a slo | |
| 100 | 1 | |a Juričková, Anna |u 058180 |4 aut |U FAD Fakulta architektúry |T FA Ústav architektúry občianskych budov |X 61912 |U A8180 |Y 399 |7 61912 | |
| 242 | 0 | 1 | |a City market -Trenčín |y eng |
| 245 | 1 | 0 | |a Mestská tržnica - Trenčín |
| 260 | |c 2017 |a Bratislava | ||
| 650 | 4 | |a Trenčín |2 slo | |
| 650 | 4 | |a námestie |2 slo | |
| 650 | 4 | |a mestská tržnica |2 slo | |
| 650 | 4 | |a Trenčín |2 eng | |
| 650 | 4 | |a market |2 eng | |
| 650 | 4 | |a city |2 eng | |
| 700 | 1 | |a Polakovič, Štefan |u 058180 |k Z2 |4 ths |U FAD Fakulta architektúry |T FA Ústav architektúry občianskych budov |X 70902 |U A8180 |Y 399 |7 A000070902 | |
| 856 | 4 | |u http://is.stuba.sk/zp/portal_zp.pl?podrobnosti=128304 |u https://opac.crzp.sk/?fn=detailBiblioForm&sid=E7FF18FD4FFD5019DBFAE93CC38C | |